MyGZULibrary

Contemporary philosophy of religion / (Record no. 441)

MARC details
000 -LEADER
fixed length control field 00947pam a2200277 a 4500
001 - CONTROL NUMBER
control field 707198
003 - CONTROL NUMBER IDENTIFIER
control field GZU
005 - DATE AND TIME OF LATEST TRANSACTION
control field 20200827141722.0
008 - FIXED-LENGTH DATA ELEMENTS--GENERAL INFORMATION
fixed length control field 970313s1997 mau b 001 0 eng
010 ## - LIBRARY OF CONGRESS CONTROL NUMBER
LC control number 97005458
020 ## - INTERNATIONAL STANDARD BOOK NUMBER
International Standard Book Number 1557864489 (hardback : alk. paper)
020 ## - INTERNATIONAL STANDARD BOOK NUMBER
International Standard Book Number 1557864497 (pbk. : alk. paper)
040 ## - CATALOGING SOURCE
Original cataloging agency DLC
Transcribing agency DLC
Modifying agency DLC
050 00 - LIBRARY OF CONGRESS CALL NUMBER
Classification number BL51
Item number .TAL 1997
100 1# - MAIN ENTRY--PERSONAL NAME
Personal name Taliaferro, Charles.
Relator term author
245 10 - TITLE STATEMENT
Title Contemporary philosophy of religion /
Statement of responsibility, etc. Charles Taliaferro.
260 ## - PUBLICATION, DISTRIBUTION, ETC.
Place of publication, distribution, etc. Malden, Mass. :
Name of publisher, distributor, etc. Blackwell,
Date of publication, distribution, etc. 1998.
300 ## - PHYSICAL DESCRIPTION
Extent x, 435 p. ;
Dimensions 24 cm.
490 1# - SERIES STATEMENT
Series statement Contemporary philosophy
500 ## - GENERAL NOTE
General note Includes bibliographical references (p. 394-419) and index.
504 ## - BIBLIOGRAPHY, ETC. NOTE
Bibliography, etc. note Includes bibliographical references (p. 394-419) and index.
650 #0 - SUBJECT ADDED ENTRY--TOPICAL TERM
Topical term or geographic name entry element Religion
General subdivision Philosophy.
830 #0 - SERIES ADDED ENTRY--UNIFORM TITLE
Uniform title Contemporary philosophy (Cambridge, Mass.)
906 ## - LOCAL DATA ELEMENT F, LDF (RLIN)
a 7
b cbc
c orignew
d 1
e ocip
f 19
g y-gencatlg
942 ## - ADDED ENTRY ELEMENTS (KOHA)
Source of classification or shelving scheme Library of Congress Classification
Koha item type Books
Classification part 51
Item part TAL
Call number prefix BL
Holdings
Withdrawn status Lost status Source of classification or shelving scheme Damaged status Not for loan Collection code Home library Current library Shelving location Date acquired Source of acquisition Total Checkouts Full call number Barcode Date last seen Copy number Price effective from Koha item type Materials specified (bound volume or other part)
    Library of Congress Classification     Non-fiction City Campus Library City Campus Library General Stacks 02/06/2002 University of Zimbabwe   BL51 TAL 1997 B016349 08/27/2020 c. 1 08/27/2020 Books  
    Library of Congress Classification     Non-fiction Mashava Campus Library Mashava Campus Library General Stacks 05/03/2021     BL51 TAL 1997 G22840 05/03/2021 c. 2 05/03/2021 Books 2021-05-03